000 00498nam a2200145Ia 4500
008 220216s9999 xx 000 0 und d
100 _aClement F
245 0 _aInvestigation of the payne effect and its temperature dependence on silica-filled polydimethylsiloxane networks.Part.II. TEst of quantitative models
260 _bRubber Chemistry and Technology
_c2005
300 _a232-244
650 _aSilica-filled polydimethylsiloxane
700 _aBokobza L
700 _aMonnerie
942 _cJS
999 _c61633
_d61633